[Event "Tata Steel-A 77th"]
[Site "Wijk aan Zee"]
[Date "2015.01.25"]
[Round "13"]
[White "Carlsen, Magnus"]
[Black "Saric, Ivan"]
[Result "1/2-1/2"]
[WhiteElo "2862"]
[BlackElo "2666"]
[Annotator "Gormally,D"]
[PlyCount "98"]
[EventDate "2015.01.10"]
[EventType "tourn"]
[EventRounds "13"]
[EventCountry "NED"]
[EventCategory "20"]
[SourceTitle "CBM 165"]
[Source "ChessBase"]
[SourceDate "2015.03.11"]

1. e4 c5 2. Nf3 Nc6 3. Nc3 Nf6 4. Bb5 Qc7 5. O-O Nd4 6. Re1 a6 7. Bc4 {White
has other choices here of course.} (7. e5 {is very forcing but Black should be
ok in most of these lines.} Nxb5 8. exf6 Nxc3 9. fxg7 Bxg7 10. dxc3 d6 11. Ng5
(11. Bf4 e5 12. Bg3 h6 {should also be ok for Black}) 11... Bf5 12. a4 Qc6 13.
Qe2 Bf6 {White has nothing} 14. Ne4 Bxe4 15. Qxe4 Qxe4 16. Rxe4 d5 {1/2-1/2
Anand,V (2753)-Kramnik,V (2807) Linares 2003}) (7. Bf1 Ng4 $1 {this seems like
a logical response, relocating the knight to a useful central square} 8. g3
Nxf3+ 9. Qxf3 Ne5 10. Qe2 e6 11. Bg2 d6 12. d3 Be7 13. Be3 O-O 14. a4 Nc6 {
and with good control over the central square d4 Black stood well in
Harikrishna,P (2726)-Zhigalko,S (2678) Dubai 2014.}) 7... b5 $5 {A risky, but
playable variation. I'm not convinced this would have been preparation though
as it's not easy to predict what sort of opening Carlsen will play- as Short
said in his typical droll style, Carlsen plays "condom" openings, ie he uses
them once then throws them away. This may be slightly harsh although it's well
known that Carlsen just likes to get a playable position out of the opening
then use his great understanding to outplay the guy later on.} (7... d6 {
is much more common. Of course this is intended to prevent e5 and now Black
has ideas of ...Bg4 or perhaps ...b5 so White is almost obliged to play} 8. Nd5
Nxd5 9. exd5 g6 10. Nxd4 cxd4 11. d3 h6 12. b4 Bg7 13. Qe2 Bf6 14. Qf3 Kf8 {
with some slight pressure for White in the game Kasparov,G (2847)-Leko,P (2736)
Linares 2003. Although I doubt it is much and the game ended in a draw. In
general these anti-Sicilian lines have been pretty much worked out and it's
difficult to prove any advantage - on the plus side however you are probably
in less danger of losing with White than you are in some of the sharp main
lines.}) 8. Nd5 (8. Bd5 Rb8 (8... Bb7 9. Bxb7 Qxb7 10. e5 {is slightly awkward
for Black;} Nxf3+ 11. Qxf3 Qxf3 12. gxf3 {with a nice lead in development}) 9.
e5 $6 Nxd5 10. Nxd5 Qc6 {looks better for Black if anything as the bishop will
find its way to an excellent diagonal on b7.}) 8... Nxd5 9. Bxd5 Rb8 10. Nxd4 (
10. c3 Nxf3+ 11. Qxf3 e6 12. Bb3 {was another way to play for White. Perhaps
this isn't the most exciting opening in the world although I'm sure Carlsen
would have been confident of outplaying Saric from an equal position.} c4 13.
Bc2 Bb7 14. d4 cxd3 15. Bxd3 Bc5 $11) 10... cxd4 11. d3 e6 12. Bb3 Bd6 13. Qh5
{Carlsen defends against the threat on h2 actively. That's one of the things
you notice when following the games of the best players in the world - they
are always looking for the most ambitious way to play the position.} ({By
contrast a move like} 13. g3 {while not obviously bad, looks rather passive.
In general you don't want to weaken your king like this, as if the game opens
up later it may come back to haunt you. I'm sure a Speelman, or perhaps even
Deep Blue circa 1997, would not hesistate to play} h5 $1 {creating
counter-attacking chances on the kingside.}) 13... Bb7 14. f4 $1 Bxf4 15. Bxf4
{Perhaps not the best way to follow up his idea.} (15. Rf1 $1 {was more
consistent, although this seems to lead to a draw with best play. Not a bad
result for Carlsen in the context of the tournament- it would ensure victory
for him. But I doubt he cared much about this and was surely thirsting for
revenge for the defeat he suffered at Ivan's hands at the last olympiad.} Qe5 {
Presumably this is why Carlsen rejected this line, as this seems like a good
tactical response.} 16. Qf3 Bxh2+ (16... Bxc1 17. Qxf7+ Kd8 18. Raxc1 {looks
unpleasant for Black} Kc7 19. c3 $16 Bc6 20. Qf2) 17. Kh1 Bg3 (17... O-O $2 {
is just weak and drops a piece after} 18. Qh3 Bg3 19. Rf3) 18. Qxf7+ Kd8 19.
Bd2 Kc7 {and now with the bishop on g3 ensuring that the White king is
probably just as much danger as its counterpart, objectively he should bail
out to a draw with} 20. Ba5+ Kc6 21. Bd5+ $1 Kd6 (21... exd5 $2 22. Rf5 Qd6 (
22... Rbf8 23. exd5+ Kc5 24. Qxd7 $18)) 22. Bb4+ Kc7 23. Ba5+ $11) 15... Qxf4
16. Rf1 Qe3+ 17. Kh1 O-O 18. Rf3 Qh6 19. Qe5 a5 $1 {A very strong idea. This
is the problem for White in many of these anti-Sicilian lines - the bishop
become a target on b3. If White plays a3, then after the response ...a4
pushing the bishop back to a2, the c2-pawn will become vulnerable. And if he
plays a4 then the b-file is opened, which should give Black good counterplay.}
20. a4 Bc6 21. axb5 Rxb5 22. Qxd4 Qd2 23. Raf1 Qb4 24. Qf2 (24. Qxb4 $2 Rxb4 {
would of course be a disaster for White - ...a4 is coming when b2 drops.})
24... f6 25. Rf4 $1 {Typical of Carlsen, I think people underesimate how
tricky he is. Here he defends against the threat of ...a4 with a tactical idea.
} Re5 (25... a4 $2 26. e5 $1) 26. Rb1 a4 27. Ba2 Rb8 28. c3 Qb6 {Black has a
very comfortable game here and maybe even stands better.However over the next
part of the game, as he so often does, Carlsen outplays his opponent.} 29. Qd2
Rb5 30. Rf2 Qc7 31. h3 h6 32. Qe3 Rg5 33. d4 Kh8 34. Re1 Bb5 35. e5 $1 {
I must admit watching the game on the live webcam at this point, I was fully
convinced that Carlsen would win. (when you watch chess a lot, you get used to
Carlsen winning.) Suddenly the rook on g5 seems stranded on the kingside with
little to do. But credit to Saric he doesn't collapse and has just enough
trumps to hold the game.} f5 $1 {An essential move.} (35... fxe5 36. dxe5 {
might not seem to bad according to an engine, but from a human perspective the
threat of Bb1 and Qe4 will be extremely difficult to deal with.} Bc6 37. Bb1
Qd8 $6 38. Qd3 g6 39. Qd6 $1 {and White is dominating.}) 36. d5 exd5 37. Bxd5
Bc4 $1 {This is the problem. Carlsen still has the initiative, but more and
more material is coming off the board meaning that the game is becoming very
drawish.} 38. Rd1 Re8 39. Bxc4 Qxc4 40. Rxd7 Qb5 $1 {The last accurate move
that Saric has to find.} 41. e6 Qc6 42. Qf3 (42. Re2 Rg6 $1 {also offers White
nothing.}) 42... Qxe6 43. Rd5 Qe1+ 44. Rf1 Qe2 45. Rxf5 Rxf5 46. Qxe2 Rxe2 47.
Rxf5 Rxb2 48. Ra5 Rc2 49. Rxa4 Rxc3 {In the press conference afterwards, I was
told later that Carlsen looked very dejected. Every other chess player in the
world would be delighted to win the strongest tournament on the calendar but
instead Carlsen is fuming that he doesn't beat a much lower rated player with
the white pieces - that's probably why he's the best!} 1/2-1/2

[Event "Tata Steel-A 77th"]
[Site "Wijk aan Zee"]
[Date "2015.01.15"]
[Round "5"]
[White "Carlsen, Magnus"]
[Black "Aronian, Levon"]
[Result "1-0"]
[WhiteElo "2862"]
[BlackElo "2797"]
[Annotator "Krasenkow,M"]
[PlyCount "93"]
[EventDate "2015.01.10"]
[EventType "tourn"]
[EventRounds "13"]
[EventCountry "NED"]
[EventCategory "20"]
[SourceTitle "CBM 165"]
[Source "ChessBase"]
[SourceDate "2015.03.11"]

1. d4 Nf6 2. c4 e6 3. Nf3 d5 4. Nc3 Bb4 5. cxd5 exd5 6. Bg5 h6 7. Bxf6 Qxf6 8.
Qa4+ Nc6 9. e3 O-O 10. Be2 Be6 11. O-O a6 12. Rfc1 Bd6 13. Qd1 Ne7 {A popular
system of the Ragozin Defence has been played. As usual in this structure,
White must start active play on the queenside while Black must create kingside
counterplay.} 14. a3 ({In the event of} 14. Na4 {there is nothing wrong with}
b6 {, e.g.} 15. b4 (15. Nc3 g5 $5 16. g3 Qg7 17. Qf1 f5 18. Bxa6 f4 19. exf4
Rxa6 $5 20. Qxa6 gxf4 21. Qd3 Bf5 22. Qd2 Be4 $36 {0-1 (29) Khairullin,I (2604)
-Khismatullin,D (2614) Ulan Ude 2009}) 15... g5 16. Nb2 Ng6 17. Nd3 Kg7 18. a4
a5 19. b5 h5 20. Rc3 Rad8 21. Rac1 Rd7 22. Nfe5 Nxe5 23. Nxe5 Bxe5 24. dxe5
Qxe5 25. Qd4 Qxd4 26. exd4 h4 27. Rxc7 Rxc7 28. Rxc7 {White has broken through
but Black easily holds his ground in this simple ending:} Rc8 29. Rxc8 Bxc8 30.
Bd3 Kf6 31. Kf1 Bg4 32. Ke1 Bf5 33. Kd2 Bxd3 34. Kxd3 g4 35. Ke3 Kg5 36. f4+
Kf5 {1/2 (36) Huzman,A (2605)-Jakovenko,D (2726) Plovdiv 2010}) ({To} 14. Rab1
{(which may look a better way to prepare b2-b4) Black can reply} Bf5 {and then
make use of the exchange of light-squared bishops by transferring his knight
to b6 and possibly c4:} 15. Bd3 c6 16. b4 Nc8 $1 17. a4 Nb6 18. a5 Nc4 19. Na4
Rfe8 20. Nc5 {1/2 (20) Babula,V (2583)-Dizdar,G (2541) Turin 2006}) 14... Rfd8
{This move is slightly mysterious; it is not clear what Black's rook will do
here. Practice has seen a lot of alternatives; here are some examples, in
which Black mostly obtained good play:} (14... Rad8 15. Na4 Bc8 16. Nc5 c6 17.
b4 g5 18. g3 Nf5 19. Ne1 Kg7 20. Bh5 Bc7 21. a4 Nd6 22. Bg4 Bxg4 23. Qxg4 Qe7
24. Ned3 Bb8 25. Qh3 Rfe8 26. Ra2 f6 27. Rac2 Qf7 28. Nxa6 $5 bxa6 29. Rxc6 {
1-0 (38) Gurevich,D (2499)-Zilberstein,D (2379) San Diego 2004} a5 $13) (14...
Rfe8 15. b4 c6 16. Na4 Ng6 17. Nc5 Re7 18. a4 Bg4 19. Ra2 (19. b5 {is
premature due to} axb5 20. axb5 Rxa1 21. Rxa1 Bxc5 {forcing} 22. dxc5) 19...
Rae8 (19... a5 $5 20. b5 b6) 20. Ne1 (20. b5 $5) 20... Bxe2 21. Rxe2 Nf4 22.
Rb2 {1-0 (40) Jobava,B (2678)-David,A (2597) Milan 2011} Qg5 $11) (14... c5 $5
15. dxc5 Bxc5 16. Na4 (16. Nxd5 Bxd5 17. Rxc5 Qxb2 $11) 16... Ba7 17. b4 d4 18.
Nxd4 Rad8 19. Qf1 Bxd4 20. exd4 Nf5 21. Nc5 {1/2 (21) Jobava,B (2695)-Efimenko,
Z (2640) Rijeka 2010}) (14... b6 15. Qf1 Bg4 16. b4 c6 17. Na4 Rfb8 18. h3 Bf5
19. Qe1 g5 20. Nb2 h5 21. Nd3 g4 22. hxg4 Bxd3 $1 23. Bxd3 hxg4 24. Nd2 a5 25.
bxa5 Rxa5 26. a4 Rba8 $132 {0-1 (74) Maiorov,N (2516)-Aleksandrov,A (2601)
Minsk 2007}) (14... Rfb8 15. Na4 b6 16. b4 c6 17. Ne1 Bf5 18. Bd3 Bd7 19. Rab1
Ra7 20. g3 g6 21. Be2 h5 22. Bf3 Bf5 23. Rb3 a5 24. Nc3 axb4 25. axb4 b5 26. e4
dxe4 27. Bxe4 $6 Be6 $15 {0-1 (56) Laurusas,T (2222)-Swiercz,D (2501) Wroclaw
2010}) (14... g5 $5 15. g3 Qg7 16. e4 dxe4 17. Nxe4 Bd5 18. Nxd6 cxd6 19. Bc4
Bc6 20. d5 Bd7 21. Qd2 Qf6 22. Rc3 Rac8 23. Rac1 b5 24. Bb3 Rxc3 25. Rxc3 Rc8
$11 {0-1 (54) Aghasaryan,R (2235)-Lintchevski,D (2502) Kirishi 2008}) 15. b4
Nc8 16. Na4 b6 $6 {Too cautious.} (16... b5 $5 17. Nc5 Nb6 18. a4 Nc4 $132) 17.
Nb2 Ne7 18. Nd3 Ng6 {This manoeuvre is slightly illogical but it was necessary
to cover the e5-square. It looks like Black has not done anything terribly
wrong so far but in fact, his position is now very passive.} 19. a4 {[%cal
Ya4a5]} a5 20. b5 {Compare this position to the above-mentioned game
Huzman-Jakovenko: Black has not managed to push ...g7-g5 so he has no
counterplay. White gradually mounts pressure along the c-file.} Re8 (20... Bf5
21. Rc3 Rd7 22. Rac1 Re8 {may be a better arrangement of the rooks but it
doesn't solve the general problems.}) 21. Rc3 Bf5 22. Rac1 Rad8 23. Nd2 Rd7 (
23... Qe6 $142 {preventing the exchange of bishops. Still, White can gradually
prepare it:} 24. Bh5 $1 Rd7 25. h3 {as} Bxh3 26. gxh3 Qxh3 {doesn't work due to
} 27. Qg4) 24. g3 (24. Bg4 $1 {was possible at once as} Bxh2+ {obviously
didn't work.}) 24... Nf8 ({Again} 24... Qe6 {was called for. Still, after} 25.
Bf3 {[%cal Yd1b3] Black's defence was very difficult.}) 25. Bg4 $1 {A typical
exchange of a defender. Black's d5-pawn becomes more vulnerable, the c6-square
in White's full possession; besides, White can now activate his queen and even
his kingside pawns.} Nh7 26. Bxf5 (26. Ne5 $5 Bxe5 27. dxe5 Rxe5 28. Rxc7 {
E.Gleizerov}) 26... Qxf5 27. Qf3 $1 {Both endgame and middlegame are now bad
for Black.} Qg5 (27... Qe6 28. Nf4 (28. h4 $143 Nf6 {[%cal Yf6e4,Ye6h3]}) 28...
Bxf4 29. gxf4 {, and the c7-pawn gets even weaker.}) 28. h4 Qe7 29. Rc6 Nf6 30.
Nf4 g6 $6 {Black weakens his kingside, and his position collapses. Now it was
better to defend passively:} (30... Ba3 31. R1c2 Bb4) 31. h5 $1 Kg7 (31... g5
32. Nxd5 Nxd5 33. Qxd5 Bxg3 (33... Ba3 34. Qf5 Bxc1 35. Rxh6 f6 36. Qg6+ Qg7
37. Qxe8+ $18) 34. Qf5 {[%cal Rc6h6]} Bd6 35. Nc4 $18 {[%cal Rc4d6]}) 32. hxg6
fxg6 33. Nxd5 $1 Nxd5 34. Qxd5 Bxg3 35. Qg2 Bd6 36. Nc4 {[%cal Rc4d6]} Rf8 $2 (
36... Qd8 {was relatively better but after} 37. f4 $1 {[%cal Yc4e5] Black's
position could not be defended anyway} (37. Nxd6 $143 cxd6)) 37. Ne5 $1 Bxe5 ({
In the event of} 37... g5 38. Nxd7 Qxd7 {White's simplest way to convert his
material advantage was} 39. e4 Rf4 40. Kf1 {[%cal Re4e5]} Rg4 41. Qf3 Rf4 42.
Qg3 $1 Rxe4 43. Rxc7 $1) 38. Qxg6+ Kh8 39. Qxh6+ Kg8 40. dxe5 $18 Qxe5 41. Rg6+
Kf7 42. Rc4 Qa1+ 43. Kg2 Rh8 44. Rf4+ Ke8 45. Re6+ Re7 46. Rxe7+ Kxe7 47. Re4+
1-0

[Event "Tata Steel-A 77th"]
[Site "Wijk aan Zee"]
[Date "2015.01.11"]
[Round "2"]
[White "Carlsen, Magnus"]
[Black "So, Wesley"]
[Result "1/2-1/2"]
[WhiteElo "2862"]
[BlackElo "2762"]
[Annotator "Krasenkow,M"]
[PlyCount "68"]
[EventDate "2015.01.10"]
[EventType "tourn"]
[EventRounds "13"]
[EventCountry "NED"]
[EventCategory "20"]
[SourceTitle "CBM 165"]
[Source "ChessBase"]
[SourceDate "2015.03.11"]

1. c4 Nf6 2. Nc3 e6 3. d4 Bb4 4. e3 O-O 5. Nge2 d5 6. a3 Be7 7. cxd5 exd5 8. g3
Nbd7 9. Bg2 Nb6 10. O-O Re8 11. b3 {The whole line is harmless, and the text
move doesn't change the evaluation.} (11. Nf4 {is the most common continuation:
} c6 12. b3 (12. f3 c5 $1 13. Kh1 Bf8 14. Re1 Bd7 15. Nd3 cxd4 16. exd4 Rxe1+
17. Qxe1 Na4 18. Ne5 Rc8 19. Nxa4 Bxa4 20. Bd2 Nd7 {1/2 (20) Petrosian,T-Szabo,
L Amsterdam/Leeuwarden 1956 Candidates (ChessBase)}) 12... Bd6 (12... Bf8 13.
Nd3 a5 14. Ne5 Nfd7 15. Nd3 Nf6 16. Re1 Ne4 17. Bb2 Nxc3 18. Bxc3 a4 19. b4 Nc4
$132 {1/2 (71) Giorgadze,G-Emms,J (2500) Muenster 1995}) 13. Nd3 Bf5 14. Bb2 h5
15. h4 Qe7 16. Re1 Rad8 17. Ne2 Be4 18. Nef4 Bxg2 19. Kxg2 g6 20. f3 Qc7 21.
Qc2 Nbd7 22. Re2 Re7 23. Rae1 Rde8 $11 {1/2 (40) Smyslov,V (2605)-Farago,I 
(2460) Szolnok 1975}) 11... h6 {Two other, more straightforward continuations,
seen in practice long ago, are probably even more convincing:} (11... Bf5 $5
12. f3 c5 13. g4 Bg6 14. Nf4 cxd4 15. exd4 Rc8 16. Nxg6 hxg6 17. Qd3 Bd6 {
'with the idea' Bh2, Qc7} 18. h3 Bb8 19. Bd2 Qd6 20. f4 Rcd8 $132 {0-1 (35)
Vera Gonzalez Quevedo,R (2485)-Chandler,M (2560) Novi Sad 1990}) (11... a5 $5
12. a4 (12. Bd2 Bf5 13. a4 c6 14. f3 Bb4 15. Re1 h5 16. Nf4 Qd7 17. Bf1 Bd6 18.
h4 Re7 19. Nce2 Qc7 20. Nc1 Nbd7 21. Ncd3 Rae8 $36 {1-0 (40) Bilek,I (2490)
-Planinec,A (2510) Skopje 1971}) 12... Bb4 13. f3 Bf5 14. g4 Bg6 15. Bd2 h6 16.
Re1 Bh7 17. Ng3 Nbd7 $15 {1/2 (33) Spassky,B-Petrosian,T Amsterdam/Leeuwarden
1956}) 12. Qc2 Bd7 13. a4 a5 14. Nf4 c6 15. Bb2 Bb4 16. Nd3 Bf5 17. Qd1 Bd6 {
Black's pieces are placed very well, and it is difficult for White to get
active play.} 18. Re1 Nbd7 19. Ba3 Bxa3 20. Rxa3 Nb8 $5 {[%csl Rb4][%cal Yb8a6]
} 21. Ra2 Na6 22. Rae2 Re7 23. Ne5 Nb4 24. e4 {Probably a correct decision.
White gets a slightly inferior position with an isolated central pawn but
easily holds it.} dxe4 25. Nxe4 Bxe4 26. Bxe4 Nxe4 27. Rxe4 Qd5 28. R4e3 {
It is important that Black's a5-pawn is vulnerable, and White can attack it by
means of Ne5-c4.} b5 29. Ng4 Rxe3 30. Nxe3 Qe4 31. Ng4 Qc2 32. Ne3 Qe4 (32...
Qxd1 33. Rxd1 Rd8 34. Kf1 $11 Nd5 35. Rc1 {[%csl Rc6]}) 33. Ng4 Qc2 34. Ne3 Qe4
1/2-1/2

[Event "Tata Steel-A 77th"]
[Site "Wijk aan Zee"]
[Date "2015.01.10"]
[Round "1"]
[White "Giri, Anish"]
[Black "Carlsen, Magnus"]
[Result "1/2-1/2"]
[WhiteElo "2784"]
[BlackElo "2862"]
[Annotator "Postny,E"]
[PlyCount "60"]
[EventDate "2015.01.10"]
[EventType "tourn"]
[EventRounds "13"]
[EventCountry "NED"]
[EventCategory "20"]
[SourceTitle "CBM 165"]
[Source "ChessBase"]
[SourceDate "2015.03.11"]

1. d4 g6 2. c4 Bg7 3. e4 d6 4. Nf3 e5 5. Nc3 ({It's too early to swap queens:} 
5. dxe5 dxe5 6. Qxd8+ Kxd8 7. Nc3 c6 {Later on Black puts the king on c7 and
has no problems. Don't believe your engine that shows an advantage for White
here, this position is equal.}) 5... Nc6 (5... exd4 6. Nxd4 Nc6 {is another
story.} ({or} 6... Ne7)) 6. Bg5 {Provoking some sort of a concession.} (6. d5
Nce7 7. Be2 f5 8. exf5 Nxf5 (8... gxf5 $2 {is over optimistic. After} 9. Ng5 {
I managed to win against a strong opponent rather quickly:} Nf6 10. Bh5+ Kf8 $2
11. Bf7 $1 h6 12. Ne6+ Bxe6 13. Bxe6 $18 {1-0 (27) Postny,E (2637)-Delchev,A 
(2622) Haguenau 2013}) 9. O-O Nf6 {leads to one of the typical structures. I
believe that White should be slightly better, though it won't be easy to
establish a blockade on e4 without letting black's knight get to d4.}) 6... f6
(6... Nf6 $2 {loses material by force after} 7. dxe5 dxe5 8. Qxd8+ Nxd8 9. Bxf6
Bxf6 10. Nd5 $18 {[%csl Rc7,Rf6]}) 7. Be3 Nh6 {The knight goes to f7, which is
in harmony with Black's previous move.} 8. h3 (8. dxe5 dxe5 9. Qxd8+ Kxd8 10.
O-O-O+ Bd7 11. h3 Kc8 12. c5 Nf7 13. Bc4 Ncd8 14. b4 c6 15. Nd2 Be6 16. Be2 Bh6
17. Bxh6 Nxh6 18. Nc4 Ndf7 19. a4 Kc7 $11 {0-1 (60) Karpov,A (2725)-Seirawan,Y
(2600) Roquebrune 1992}) 8... Nf7 9. c5 $6 {A standad break, but too early in
this case.} ({The simple} 9. Be2 {looks like a better try for an opening
advantage.} O-O 10. O-O f5 (10... Bd7 11. c5 $1 exd4 12. Nxd4 dxc5 13. Nxc6
Bxc6 14. Bxc5 Nd6 15. Qb3+ Kh8 16. Bb5 $1 $14 {1/2-1/2 (56) Keres,P-Spassky,B
Moscow 1965}) 11. dxe5 dxe5 12. Qxd8 Ncxd8 (12... Rxd8 13. Nd5 fxe4 14. Nd2 $14
) 13. Nd5 fxe4 14. Nd2 Ne6 15. Nxe4 Nf4 16. Bf3 Nxd5 17. cxd5 $14 {1/2-1/2 (70)
Bhat,V (2483)-Nakamura,H (2697) Mainz 2008}) (9. d5 {is always an option, of
course. However, it seems that White can benefit more if keeps the centre
flexible, at least for a while.}) 9... dxc5 10. dxe5 (10. dxc5 Qxd1+ 11. Rxd1
Be6 $11) 10... Nfxe5 11. Nxe5 fxe5 {Massive simplifications to follow. Black
has very little to worry about. All this has already appeared before.} 12. Bb5
(12. Bxc5 Qxd1+ 13. Rxd1 Bd7 14. Bc4 O-O-O $11 {1/2-1/2 (17) Petkov,V (2480)
-Jovanovic,Z (2543) Sibenik 2006}) 12... Bd7 (12... Qxd1+ 13. Rxd1 Bd7 14. Bxc5
O-O-O 15. O-O Nd4 $11 {1-0 (36) Kortschnoj,V (2665)-Kagan,S (2465) Beersheba
1978}) 13. Bxc6 {Anish decided to play it safe, not allowing the knight togo
to d4 by simply eliminating it.} (13. Qd5 Nd4 14. Bxd7+ Qxd7 15. Qxb7 O-O (
15... Nc2+ $2 {is just a waste of time, as the knight will have to go back to
d4 soon.} 16. Ke2 Rd8 17. Rhd1 Nd4+ 18. Kf1 $16) 16. O-O Rfb8 17. Qa6 Rxb2 18.
Rab1 Rb6 19. Qc4+ Qe6 20. Qxc5 Rab8 {with a balanced position.}) 13... Bxc6 14.
Bxc5 Bf8 {The bishop could achieve nothing from g7.} 15. Bxf8 (15. Be3 Qxd1+
16. Rxd1 Bd6 {followed by castling to the queenside is also equal.}) 15... Rxf8
16. O-O (16. Qg4 Qf6 (16... Qe7 {is also fairly safe.}) 17. O-O-O Rd8 18. Rxd8+
Kxd8 19. Rd1+ Ke7 {White doesn't have enough resources to harass black's king.
It's important that White's knight is restricted.}) 16... Qxd1 17. Rfxd1 Rd8 {
The game quickly simplified into an equal endgame.} 18. Rxd8+ Kxd8 19. Rd1+ Ke7
20. Nd5+ Bxd5 21. Rxd5 Ke6 22. f3 c6 23. Rd3 Rf7 24. Kf2 Rd7 {The exchange of
rooks doesn't change the evaluation of the position as drawish.} 25. Rxd7 Kxd7
26. h4 c5 27. g3 b5 28. b3 Ke6 29. Ke3 h6 30. f4 h5 1/2-1/2